Исследование магнитного поля модели магнитной системы дрейфотрона: отчет о НИР

Bibliographic Details
Corporate Author: Томский политехнический институт (ТПИ) (595)
Other Authors: Кочегуров В. А. Владимир Александрович (руководитель), Москалев В. А. Владилен Александрович, Калганов А.
Language:Russian
Published: Томск, 1975
Subjects:
Format: MixedMaterials Book
KOHA link:https://koha.lib.tpu.ru/cgi-bin/koha/opac-detail.pl?biblionumber=157514

MARC

LEADER 00000nbm0a2200000 4500
001 157514
005 20231031153857.0
029 0 0 |a SU  |b 75002120  |f ТПУ 
035 |a (RuTPU)RU\TPU\book\170856 
090 |a 157514 
100 |a 20090409d1975 k y0rusy50 ca 
101 0 |a rus 
102 |a RU 
105 |a a p 001zy 
200 1 |a Исследование магнитного поля модели магнитной системы дрейфотрона  |e отчет о НИР  |f Томский политехнический институт (ТПИ) ; руководитель В. А. Кочегуров, В. А. Москалев, А. Калганов 
210 |a Томск  |d 1975 
215 |a 18 л. 
320 |a Библиогр.: с. 18. 
610 1 |a дрейфотроны 
610 1 |a магнитные поля 
610 1 |a магнитные системы 
610 1 |a исследование 
610 1 |a труды учёных ТПУ 
675 |a 538.1(04)  |v 3 
702 1 |a Кочегуров  |b В. А.  |c математик  |c профессор Томского политехнического университета  |f 1931-  |g Владимир Александрович  |2 stltpush  |3 (RuTPU)RU\TPU\pers\13833  |4 673 
702 1 |a Москалев  |b В. А.  |c российский ученый  |c электротехник  |c профессор Томского политехнического университета  |f 1927-  |g Владилен Александрович  |2 stltpush  |3 (RuTPU)RU\TPU\pers\12401  |4 673 
702 1 |a Калганов  |b А.  |4 673 
712 0 2 |4 595 
712 0 2 |a Томский политехнический институт (ТПИ)  |c (1944-1991)  |2 stltpush  |3 (RuTPU)RU\TPU\col\1123 
801 1 |a RU  |b 63413507  |c 20090409  |g PSBO 
801 2 |a RU  |b 63413507  |c 20130325  |g RCR 
942 |c BK